Medium-Term plan 2003 - 2005

Wedi'i Gadw mewn:
Manylion Llyfryddiaeth
Prif Awdur: AVRDC
Fformat: Llyfr
Iaith:Undetermined
Cyhoeddwyd: Shanhua, Taiwan AVRDC 2003
Pynciau:
Tagiau: Ychwanegu Tag
Dim Tagiau, Byddwch y cyntaf i dagio'r cofnod hwn!
Thư viện lưu trữ: Trung tâm Học liệu Trường Đại học Cần Thơ
LEADER 00415nam a2200169Ia 4500
001 CTU_58546
008 210402s9999 xx 000 0 und d
082 |a 635 
082 |b A832 
100 |a AVRDC 
245 0 |a Medium-Term plan 2003 - 2005 
260 |a Shanhua, Taiwan 
260 |b AVRDC 
260 |c 2003 
650 |a vegetables 
904 |i Minh 
980 |a Trung tâm Học liệu Trường Đại học Cần Thơ